02325cam a22004814i 4500003000900000005001700009008004100026020001800067035002700085040003300112049000900145082001900154100003100173245010600204264004800310300003800358336002100396337002500417338002300442505057300465526001001038526001001048526001001058526001001068526000801078526000801086526000801094526000801102526000801110526000801118526000801126541002501134650003001159650003401189910002101223942001401244949015701258994001401415596000601429999017301435980005501608952018001663PE-LiUPU20250731173334.0150706s1994 miu r 000 0 eng d a9780310279518 a(Sirsi) i9780310279518 aPE-LiUPUbspacPE-LiUPUerda aPRUA04a220.6bK172211 aKaiser, Walter C.,eautor.10aIntroduction to biblical hermeneutics :bthe search for meaning /cWalter C. Kaiser y Moisés Silva. 1aGrand Rapids, Michigan :bZondervan,c1994. a350 páginas ;c24 centímetros atext2rdacontent aunmediated2rdamedia avolume2rdacarrier0 aThe search for meaning: initial directions -- Who needs hermeneutics anyway? -- The meaning of meaning -- Let's be logical: using and abusing language -- How do the parts fit the whole? The tool of biblical theology -- Must we go "Beyond" the bible? The theological use of the bible -- Does the new testament accuaretely use the old testment? -- Why get entangled with historical interpretation? The role of history -- Understanding the text: meaning in literary genres -- Responding to the text: meaning and aplication -- The search for meaning: further challenges. aSEG42 aSEG41 aSEG40 aSEG39 aP94 aP87 aP86 aP85 aP77 aP76 aP35 g103-3336991-5762639;04aHermenéutica bíblica.04aHermenéuticaxCristianismo. bngcngd20090309 2ddccBOOK a220.6 K17wDEWEYc1i59372d2016-10-4e2016-10-4lCCODEBUL1mBULn1p23.00r0sYtBOOKu2015-7-6xTEOLOGIAzUNKNOWN0COMPRAo.STAFF. Colección General aC0bPEPRU a1 a220.6 K17wDEWEYc48967i59372d48967e2019-5-26f2021-11-9g5lCCODEBUL1mBULn4p23.00q3r0sYtBOOKu2015-7-6xTEOLOGIAPP350COMPRAo.STAFF. Colección Teología 81gALBERTO SANCHEZ Responsable de Automatización r2025-12-02 00:00:00i6l5o220.6 K17p59372s2025-09-24te1v28.00w2015-07-06xFTyBKzinventario-2023-12-13102ddc50708GENfP35aBULbBULcGENd2015-07-06eCOMPRAg23.00